00702nam a22001817a 4500003000400000005001700004008004100021020001800062040003100080245008800111260007000199300002800269490001600297500004900313600002600362700007100388700006100459OSt20241130101659.0241130b |||||||| |||| 00| 0 eng d a9780406851208 cCentral University Library aThe All England Law Reports 1978 Vol. 1cEditors: R N G Harrison BA; Wendy Shockett aLondon, United KingdombButterworth & Co. (Publishers) Ltd.c1978 aix, 1280 pagesc23.5 cm 3Law Reports aTHE ALL ENGLAND LAW REPORTS - 1978 VOLUME 1. 2Law Reports xEngland aR N G Harrison BA (of Lincoln's Inn, Barrister)eConsulting Editor aWendy Shockett (of Gray's Inn, Barrister)eActing Editor